MARC details
| 000 -LEADER |
| fixed length control field |
00959nam a2200265#a 4500 |
| 001 - CONTROL NUMBER |
| control field |
00258 |
| 003 - CONTROL NUMBER IDENTIFIER |
| control field |
HDC |
| 007 - PHYSICAL DESCRIPTION FIXED FIELD--GENERAL INFORMATION |
| fixed length control field |
ta |
| 008 - FIXED-LENGTH DATA ELEMENTS--GENERAL INFORMATION |
| fixed length control field |
230623s2009 xx 000 0 eng d |
| 020 ## - INTERNATIONAL STANDARD BOOK NUMBER |
| International Standard Book Number |
9789834088446 (pbk.). |
| 040 ## - CATALOGING SOURCE |
| Original cataloging agency |
HDC |
| 050 ## - LIBRARY OF CONGRESS CALL NUMBER |
| Classification number |
SMIDEC HD 30.28 |
| Item number |
.P36 2009 C6 |
| 245 #0 - TITLE STATEMENT |
| Title |
Panduan langkah demi langkah memulakan perniagaan / |
| Statement of responsibility, etc. |
Perbadanan Pembangunan Industri Kecil dan Sederhana |
| 264 ## - PRODUCTION, PUBLICATION, DISTRIBUTION, MANUFACTURE, AND COPYRIGHT NOTICE |
| Place of production, publication, distribution, manufacture |
Kuala Lumpur : |
| Name of producer, publisher, distributor, manufacturer |
Perbadanan Pembangunan Industri Kecil dan Sederhana, |
| Date of production, publication, distribution, manufacture, or copyright notice |
2009 |
| 300 ## - PHYSICAL DESCRIPTION |
| Extent |
112p. : |
| Other physical details |
ill. ; |
| Dimensions |
29cm. + |
| Accompanying material |
1 computer optical discs (4 3/4 in.) |
| 650 ## - SUBJECT ADDED ENTRY--TOPICAL TERM |
| Topical term or geographic name entry element |
Business -- Handbooks, manuals, etc. |
| 650 ## - SUBJECT ADDED ENTRY--TOPICAL TERM |
| Topical term or geographic name entry element |
Business planning |
| Form subdivision |
Handbooks, manuals, etc. |
| 650 ## - SUBJECT ADDED ENTRY--TOPICAL TERM |
| Topical term or geographic name entry element |
New business enterprises -- Planning -- Handbooks, manuals, etc. |
| 650 ## - SUBJECT ADDED ENTRY--TOPICAL TERM |
| Topical term or geographic name entry element |
Success in business |
| 700 ## - ADDED ENTRY--PERSONAL NAME |
| Personal name |
Perbadanan Pembangunan Industri Kecil dan Sederhana |
| 942 ## - ADDED ENTRY ELEMENTS (KOHA) |
| Source of classification or shelving scheme |
Library of Congress Classification |
| 942 ## - ADDED ENTRY ELEMENTS (KOHA) |
| Koha item type |
Book |
| 942 ## - ADDED ENTRY ELEMENTS (KOHA) |
| Call number prefix |
SMIDEC HD 30.28 |
| 942 ## - ADDED ENTRY ELEMENTS (KOHA) |
| Call number suffix |
.P36 2009 C6 |